Essentials of management: an international, innovation, and leadership perspective

Na minha lista:
Detalhes bibliográficos
Main Authors: Koontz, Harold (Author), Weihrich, Heinz (Author)
Formato: Livro
Idioma:inglês
Publicado em: s.l McGraw Hill Education 2015
Edição:10a. ed
Assuntos:
Tags: Adicionar Tag
Sem tags, seja o primeiro a adicionar uma tag!

MARC

LEADER 00000cam a2200000 a 4500
001 UCC9768
003 CL-VaPUC
005 20230905074208.0
008 191111e201500000 eng d
020 |a 9789339222864 
082 0 4 |a 658.4  |b KOO  |2 21 
100 |a Koontz, Harold  |e author  |9 222211 
700 1 |a Weihrich, Heinz  |e author  |9 605085 
245 1 0 |a Essentials of management: an international, innovation, and leadership perspective 
250 |a 10a. ed 
260 |a s.l  |b McGraw Hill Education  |c 2015 
300 |a 496 p 
583 |a last modification  |c 20191111 01:17:00  |k cmena 
650 0 0 |a Administración de empresas   |9 260833 
650 0 0 |a Toma de decisiones   |9 257530 
650 0 0 |a Planificación estratégica   |9 259735 
650 0 0 |a Estructura organizacional   |9 390800 
942 |c BK 
945 |a cmena  |d 20191111 01:17:00 
999 |c 167624  |d 167622 
952 |0 0  |1 0  |2 ddc  |4 0  |7 0  |9 101971  |a BIBING  |b BIBING  |d 2019-10-07  |e 1  |g 40220.00  |i 5563364  |r 2019-10-07  |t 1  |v 40220.00  |w 2019-10-07  |y BK 
952 |0 0  |1 0  |3 erb  |4 0  |6 658_400000000000000_KOO_2015  |7 0  |8 A  |9 495347  |a BIBING  |b BIBING  |i 5563364  |o 658.4 KOO 2015  |p 5563364  |r 2025-01-20  |w 2020-01-06  |y BK  |z Catalogado en:20191111  |k EII